QUALITY MANDATE FOR HIGHER EDUCATIONS IN INDIA (Record no. 7750)

MARC details
000 -LEADER
fixed length control field 00346nam a22001337a 4500
005 - DATE AND TIME OF LATEST TRANSACTION
control field 20210324133932.0
008 - FIXED-LENGTH DATA ELEMENTS--GENERAL INFORMATION
fixed length control field 210324b ||||| |||| 00| 0 eng d
041 ## - LANGUAGE CODE
Language code of text/sound track or separate title eng
100 ## - MAIN ENTRY--AUTHOR NAME
Personal name UNIVERSITY GRANT COMMISSION
245 ## - TITLE STATEMENT
Title QUALITY MANDATE FOR HIGHER EDUCATIONS IN INDIA
260 ## - PUBLICATION, DISTRIBUTION, ETC. (IMPRINT)
Place of publication NEW DELHI
Name of publisher UGC
Year of publication 2021
300 ## - PHYSICAL DESCRIPTION
Number of Pages 265,p
942 ## - ADDED ENTRY ELEMENTS (KOHA)
Koha item type Books
Holdings
Lost status Damaged status Home library Current library Date acquired Source of acquisition Accession Number Koha item type
    JRU Library   24/03/2021 PURCHESE 25798 Books